01580cam a2200205 a 4500020001800000020001500018040000800033041000800041082002600049100002100075245007800096250002000174260005000194300003300244500006400277520098000341650002301321650001201344700001801356 a9784924971240 a4924971243 cLWU1 hjpn04a320 INT 2008 A065 Or.1 aKarube, Tadashi,10aMaruyama Masao :band the fate of liberalism in twentieth-century Japan / a1st English ed. aTokyo :bInternational House of Japan,c2008. aix, 212 p. :bill. ;c24 cm. aTranslation of: Maruyama Masao : riberarisuto no shōzō.3 a"Maruyama Masao (1914-96) has been widely regarded as an archetype of the twentieth-century Japanese intellectual. Immensely influential for his scholarlywork in intellectual history and political science, Maruyama also reached a wider public through extensive writing and commentary in the leading opinion journals of the postwar period, where he emerge as an outspoken advocate of lieralism and democracy. In this intellectual biography, Karube Tadashi traces Maruyama's childhood and youth in prewa and wartime Japan, vividly depicting a number of the key experiences that deepened his comjmitment to democratic ideals and motivated his quest to ground them in the autonomy and integrity of the individual. This was the perspective that informed Maruyama's postwar investigation of the problems of mass society and his efforts to reinerpet the Japanese tradition by dissecting its pathologies and tracing the alternative paths to modernity latent within it."--BOOK JACKET.07aPolitische Theorie07aPolitik1 aNoble, David.